000 00535nmm a2200169Ia 4500
008 251105s9999||||xx |||||||||||||||||und||
020 _a9788499407371
041 _aspa
100 _aPrada Rodríguez, Julio
245 0 _aNo sólo represión : La construcción del franquismo en Galicia
264 _a[Madrid, España] :
_bBiblioteca Nueva,
_c2014
300 _a336 páginas
490 _aHistoria Biblioteca Nueva
650 _aHistory of Europe: Spain
856 _uhttps://public.digitaliapublishing.com/a/38136
942 _cCF
999 _c92771
_d92771